मैंने नाता तोड़ा / (Record no. 50042)

MARC details
000 -LEADER
fixed length control field 01225nam a22002777a 4500
005 - DATE AND TIME OF LATEST TRANSACTION
control field 20101206113148.0
010 ## - LCCN (DPL NO)
LC control number HIN-91596
020 ## - INTERNATIONAL STANDARD BOOK NUMBER
Terms of availability 240.00
International Standard Book Number 9788126318568
035 ## - SYSTEM CONTROL NUMBER
System control number HN-63942
037 ## - SOURCE OF ACQUISITION
Source of stock number/acquisition DBAD/PUB
082 ## - DEWEY DECIMAL CLASSIFICATION NUMBER
Classification number
100 ## - MAIN ENTRY--PERSONAL NAME
Personal name बेदी, सुषम
245 ## - TITLE STATEMENT
Title मैंने नाता तोड़ा /
Statement of responsibility, etc सुषम बेदी
246 ## - VARYING FORM OF TITLE
Title proper/short title Maine nata toda
Remainder of title by Susham Bedi
260 ## - PUBLICATION, DISTRIBUTION, ETC. (IMPRINT)
Place of publication, distribution, etc नई दिल्ली
Name of publisher, distributor, etc भारतीय ज्ञानपीठ
Date of publication, distribution, etc 2009
270 ## - ADDRESS
Address 18, इन्स्टीटयूशनल एरिया, लोदी रोड
City नई दिल्ली
Postal code 110003
300 ## - PHYSICAL DESCRIPTION
Extent 243पृ.
Dimensions 22सेमी (सजिल्द)
490 ## - SERIES STATEMENT
Series statement लोकोदय ग्रन्थमालाःग्रन्थांक 1017;रवीन्द्र कालिया
-- 37139
650 ## - SUBJECT ADDED ENTRY--TOPICAL TERM
Topical term or geographic name as entry element हिन्दी कथा साहित्य
700 ## - ADDED ENTRY--PERSONAL NAME
9 (RLIN) 24599
700 ## - ADDED ENTRY--PERSONAL NAME
9 (RLIN) 25390
700 ## - ADDED ENTRY--PERSONAL NAME
9 (RLIN) 25450
700 ## - ADDED ENTRY--PERSONAL NAME
9 (RLIN) 25451
942 ## - ADDED ENTRY ELEMENTS (KOHA)
Source of classification or shelving scheme Dewey Decimal Classification
Item type Hindi Books
Call number suffix बेदीसु
Classification part
Holdings
Withdrawn status Lost status Not for loan Collection code Home library Current library Date acquired Source of acquisition Cost, normal purchase price Full call number Barcode Copy number Cost, replacement price Koha item type
    Not For Loan Fiction D.B.Act.Division D.B.Act.Division 24/01/2011 DBAD /PUB 240.00 उ बेदीसु HN-63942 1 240.00 Hindi Books

© Delhi Public Library
Hit Counter
free hit counter